Optimizacion de la calidad y mejoramiento de la productividad en hilados (Registro nro. 148725)

Detalles MARC
001 - NÚMERO DE CONTROL
campo de control 584916
005 - FECHA Y HORA DE LA ÚLTIMA TRANSACCIÓN
campo de control 20250312093157.0
008 - DATOS DE LONGITUD FIJA--INFORMACIÓN GENERAL
campo de control de longitud fija 000319 spa
035 ## - NÚMERO DE CONTROL DEL SISTEMA
Número de control de sistema 584916
035 ## - NÚMERO DE CONTROL DEL SISTEMA
Número de control de sistema (OCoLC)819824307
040 ## - FUENTE DE LA CATALOGACIÓN
Centro/agencia transcriptor comduadb
041 ## - CÓDIGO DE LENGUA
Código de lengua del texto/banda sonora o título independiente spa
100 10 - ENTRADA PRINCIPAL--NOMBRE DE PERSONA
Nombre de persona Alvarez Rivera, Paula Andrea
Código de función aut
Término indicativo de función/relación Autor/a
9 (RLIN) 298840
245 10 - MENCIÓN DE TÍTULO
Título Optimizacion de la calidad y mejoramiento de la productividad en hilados
650 ## - PUNTO DE ACCESO ADICIONAL DE MATERIA--TÉRMINO DE MATERIA
Término de materia o nombre geográfico como elemento de entrada Hilado de algodon
9 (RLIN) 43276
650 ## - PUNTO DE ACCESO ADICIONAL DE MATERIA--TÉRMINO DE MATERIA
Término de materia o nombre geográfico como elemento de entrada Optimización
9 (RLIN) 34739
650 ## - PUNTO DE ACCESO ADICIONAL DE MATERIA--TÉRMINO DE MATERIA
Término de materia o nombre geográfico como elemento de entrada Hilos
9 (RLIN) 62869
650 #7 - PUNTO DE ACCESO ADICIONAL DE MATERIA--TÉRMINO DE MATERIA
Término de materia o nombre geográfico como elemento de entrada Industria textil
Fuente del encabezamiento o término lemb
9 (RLIN) 3806
650 #7 - PUNTO DE ACCESO ADICIONAL DE MATERIA--TÉRMINO DE MATERIA
Término de materia o nombre geográfico como elemento de entrada Control de calidad
Fuente del encabezamiento o término lemb
9 (RLIN) 5414
700 10 - ENTRADA AGREGADA--NOMBRE PERSONAL
Nombre de persona Ruiz Uribe, Maria Catalina
Código de función aut
Término indicativo de función/relación Autor/a
9 (RLIN) 498405
773 0# - ENLACE AL DOCUMENTO FUENTE/ENTRADA DE REGISTRO ANFITRIÓN
Título Colombia Textil (Medellín)
Parte(s) relacionada(s) Vol. 35, No. 129, Oct.-Dic. (1999)/Colombia Textil (Medellin), p. 33-39
Número de control del registro 118467
Número Internacional Normalizado para Publicaciones Seriadas 0120-4068
Número bibliográfico anfitrión 71582
942 ## - ELEMENTOS DE ENTRADA AGREGADA (KOHA)
Tipo de ítem Koha Artículo de Revista

No hay ítems disponibles.